000 00771nam a2200241Ia 4500
003 OSt
005 20220925204857.0
006 a|||||r|||| 00| 0
007 ta
008 220923b |||||||| |||| 00| 0 eng d
037 _cGeneral Book
040 _aRTL
_cRTL
_beng
041 _2eng
_aeng
082 _aX9(J):9J5.161.N7, L2
100 _aVan Nieuwenhuijze C A O Ed.
_9269185
245 0 _aEmigration and agriculture in the mediterrean Basi
260 _aHague
_bMoution
_c1972
300 _a188p. Bib chapterwise
_ccm.
490 _aInstitute of Social studies publicaiton paper back series.8
650 _aAgriculture Labour
942 _hX9(J):9J5.161.N7, L2
_cGB
_2CC
999 _c550644
_d550644